Analytické metódy na kontrolu účinnosti čistenia vzoriek pitnej vody

Saved in:
Bibliographic Details
Main Author: Pócsová, Tamara (Author)
Other Authors: Hrouzková, Svetlana (Thesis advisor)
Format: Manuscript Book
Language:Slovak
Published: 2021
Subjects:
Online Access:http://is.stuba.sk/zp/portal_zp.pl?podrobnosti=157657
Tags: Add Tag
No Tags, Be the first to tag this record!

MARC

LEADER 00000ntm a22000003a 4500
001 stuzp83905
003 SK-STU
005 20210605210500.8
007 ta
008 150427s2015----xo-----f-mn---000-0-slo-d
040 |a STU  |b slo 
041 0 |a slo 
100 1 |a Pócsová, Tamara  |u 041000  |4 aut  |U FCHPT Fakulta chemickej a potravinárskej technológie  |T FCHPT Ústav analytickej chémie  |X 88613  |U C1000  |Y 99  |7 88613 
242 0 1 |a Analytical methods for the inspection of the efficiency of drinking water purification  |y eng 
245 1 0 |a Analytické metódy na kontrolu účinnosti čistenia vzoriek pitnej vody 
260 |c 2021 
650 4 |a GC-MS  |2 slo 
650 4 |a atrazín  |2 slo 
650 4 |a alachlór  |2 slo 
650 4 |a lindán  |2 slo 
650 4 |a LLE  |2 slo 
650 4 |a GC-ECD  |2 slo 
650 4 |a lindane  |2 eng 
650 4 |a alachlor  |2 eng 
650 4 |a GC-ECD  |2 eng 
650 4 |a GC-MS  |2 eng 
650 4 |a LLE  |2 eng 
650 4 |a atrazine  |2 eng 
700 1 |a Hrouzková, Svetlana  |u 041000  |k Z1  |4 ths  |U FCHPT Fakulta chemickej a potravinárskej technológie  |T FCHPT Ústav analytickej chémie  |X 3892  |U C1000  |Y 99  |7 A000003892 
856 4 |u http://is.stuba.sk/zp/portal_zp.pl?podrobnosti=157657